000
00279nam a22001217a 4500
008
171009b xxu||||| |||| 00| 0 eng d
041
_a
eng
080
_a
159.9
100
_a
49
101
_a
PSI
245
_a
SLEEP RESEARCH AND CLINICAL PRACTICE
_c
USDIN.G
942
_2
udc
_c
BK
999
_c
32451
_d
32451